=LDR 00000nam 2200000 4500 =001 INLIS000000000022819 =005 20130612121533 =008 ***********************************ind** =035 ##$$0010-061300000022819 =041 ##$$a ind =082 ##$$a F Rom K =090 ##$$a F Rom K, WAR s =100 ##$$a Eka Wardhana =245 ##$$a Sindbad, Terjebak di lembah permata! =260 ##$$a 1999 $b Bandung =300 ##$$a 164 hlm., 17 cm =650 ##$$a Sindbad =850 ##$$a NBPNMAT